MARC

LEADER 00000nam0a2200000 4500
001 359967
005 20250211063212.0
035 |a (RuTPU)RU\TPU\retro\17274 
035 |a RU\TPU\retro\17273 
090 |a 359967 
100 |a 20210215d1963 k y0rusy5003 ca 
101 0 |a rus 
102 |a RU 
105 |a y z 001zy 
200 1 |a Гидроэнергетика  |e [тематический сборник]  |f Московский энергетический институт ; под ред. Т. Л. Золотарева 
210 |a Москва  |c Изд-во МЭИ  |d 1963 
215 |a 208 с.  |c табл., ил. 
225 1 |a Труды Московского энергетического института (МЭИ)  |v Вып. 46 
320 |a Библиогр. в конце ст. 
500 1 0 |a Труды Московского энергетического института  |9 88841 
606 1 |a Гидроэнергетика  |2 stltpush  |3 (RuTPU)RU\TPU\subj\38703  |9 59048 
610 1 |a ГЭС 
610 1 |a эксплуатация 
610 1 |a ЭВМ 
610 1 |a режимы работы 
610 1 |a сезонный режим 
610 1 |a гидротепловые энергосистемы 
610 1 |a распределение 
610 1 |a нагрузочные режимы 
610 1 |a итерационные методы 
610 1 |a дифференциальные характеристики 
610 1 |a призматические каналы 
610 1 |a геотермальная энергия 
610 1 |a принципиальные схемы 
610 1 |a физическое моделирование 
610 1 |a стендовые установки 
610 1 |a конструирование 
610 1 |a призматические каналы 
610 1 |a методы расчета 
675 |a 621.221  |v 3 
702 1 |a Золотарев  |b Т. Л.  |4 340 
712 0 2 |a Московский энергетический институт  |c (1930-1992)  |3 (RuTPU)RU\TPU\col\20092  |9 27693 
801 0 |a RU  |b 63413507  |c 19950704  |g psbo 
801 1 |a RU  |b 63413507  |c 20060118  |g PSBO 
801 2 |a RU  |b 63413507  |c 20220207  |g PSBO 
942 |c BK